LEADER 01057nam0 22002651i 450 001 UON00065377 005 20231205102327.887 100 $a20020107d1984 |0itac50 ba 101 $aeng 102 $aUS 105 $a|||| 1|||| 200 1 $aDe Gaulle, the Army and Algeria$ethe civil-Military conflict over decolonization, 1958-1962$fPeter Maxwell Geismar 205 $aAnn Arbor : University Microfilms International$b1984 210 $a249 p.$a20 cm 215 $aPh. D. Columbia University, 1967 620 $aUS$dAnn Arbor (Michigan)$3UONL000025 686 $aALG IV$cALGERIA - STORIA$2A 700 1$aGEISMAR$bPeter Maxwell$3UONV041978$0657105 712 $aUMI$3UONV245796$4650 801 $aIT$bSOL$c20240220$gRICA 899 $aSIBA - SISTEMA BIBLIOTECARIO DI ATENEO$2UONSI 912 $aUON00065377 950 $aSIBA - SISTEMA BIBLIOTECARIO DI ATENEO$dSI ALG IV 034 $eSI SA 40813 5 034 996 $aDe Gaulle, the Army and Algeria$91170212 997 $aUNIOR